Statistics for Guess NBA Names Quiz

Click here to take the quiz!

General Stats

  • This quiz has been taken 32 times
  • The average score is 12 of 14

Answer Stats

Answer% Correct
Allen Iverson
100%
Ray Allen
100%
Wilt Chamberlain
100%
Yao Ming
100%
Charles Barkley
96%
Jason Kidd
96%
Kareem Abdul Jabbar
96%
Joakim Noah
93%
John Stockton
93%
Manu Ginobili
89%
Oscar Robertson
89%
Bill Walton
86%
Juwan Howard
61%
Dikembe Mutombo
43%

Score Distribution

Percentile by Number Answered

Percent of People with Each Score

Your Score History

You have not taken this quiz